Tocqueville y las fronteras de la democracia / (Record no. 145196)

MARC details
000 -CABECERA
campo de control de longitud fija 00748nam a2200217 u 4500
005 - FECHA Y HORA DE LA ÚLTIMA TRANSACCIÓN
campo de control 20240913063842.0
008 - ELEMENTOS DE LONGITUD FIJA--INFORMACIÓN GENERAL
campo de control de longitud fija 091013s2007 ag r 000 0 spa d
020 ## - NÚMERO INTERNACIONAL NORMALIZADO PARA LIBROS
Número Internacional Estándar del Libro 9789506025762
035 ## - NÚMERO DE CONTROL DEL SISTEMA
Número de control de sistema UPN01000173092
049 ## - COLECCIÓN
Colección CG
050 #4 - SIGNATURA TOPOGRÁFICA DE LA BIBLIOTECA DEL CONGRESO
Número de clasificación DC36.98 T6.3
Número de documento/Ítem C2.7
100 1# - ASIENTO PRINCIPAL--NOMBRE PERSONAL
Nombre de persona Capdevila, Nestor
245 10 - MENCIÓN DE TÍTULO
Título Tocqueville y las fronteras de la democracia /
Mención de responsabilidad, etc. Nestor Capdevila ; tr. de Haber Cardoso.
260 ## - PUBLICACIÓN, DISTRIBUCIÓN, ETC.
Lugar de publicación, distribución, etc. Buenos Aires :
Nombre del editor, distribuidor, etc. Nueva Visión,
Fecha de publicación, distribución, etc. 2007.
300 ## - DESCRIPCIÓN FÍSICA
Extensión 124 p.
440 #0 - MENCIÓN DE SERIE/ASIENTO SECUNDARIO--TÍTULO
Título Claves.
Nombre de parte o sección de la obra Perfiles
534 ## - NOTA SOBRE LA VERSIÓN ORIGINAL
Frase introductoria Titulo original:
Mención de título del original Tocqueville et les frontieres de la démocratie
600 14 - ASIENTO SECUNDARIO DE MATERIA - NOMBRE PERSONAL
Nombre de persona TOCQUEVILLE, CHARLES ALEXIS HENRI CLEREL DE,
Fechas asociadas al nombre 1805-1859 -
Subdivisión general CRITICA E INTERPRETACION
9 (RLIN) 14404
650 #4 - ASIENTO SECUNDARIO DE MATERIA - TERMINO TEMATICO
Término de materia o nombre geográfico como elemento de entrada Democracia
9 (RLIN) 6020
905 ## - TIPO DE MATERIAL
Tipo de material Libro
Holdings
Estado de retiro Estado de pérdida Fuente del sistema de clasificación o colocación Estado dañado No para préstamo Código de colección Localización permanente Ubicación/localización actual Ubicación en estantería Total de préstamos Clasificación Código de barras Fecha visto por última vez Número de copia Tipo de ítem Koha
    Library of Congress Classification     Colección General Bib. Gregorio Torres Quintero Bib. Gregorio Torres Quintero Planta baja   DC36.98 T6.3 C2.7 268076 31/12/2020 1 Libro